| 000 | 01086nam a2200217Ia 4500 | ||
|---|---|---|---|
| 999 |
_c37850 _d37850 |
||
| 001 | 3828 | ||
| 003 | GE_BSU | ||
| 005 | 20190816164655.0 | ||
| 008 | 181216s1975||||ge |||||||||||||| ||geo|| | ||
| 040 | _cGE_BSU | ||
| 041 | _ageo | ||
| 080 | _a316.61+101.81 ც–66 | ||
| 100 |
_aცინცაძე, გიორგი _93588 |
||
| 245 |
_aგაგების მეთოდი ფილოსოფიაში და პიროვნების პრობლემა / _cგიორგი ცინცაძე ; რედ. ა. ბეგიაშვილი; საქ. სსრ. მეცნ. აკად. ფილოსოფიის ინ–ტი. |
||
| 264 |
_aთბ. : _bმეცნიერება, _c1975. |
||
| 300 |
_a348 გვ.; _b22 სმ. |
||
| 653 | _aპიროვნების სოციოლოგია | ||
| 700 |
_aბეგიაშვილი, ა. _eრედაქტორი _93663 |
||
| 710 |
_aსაქ. სსრ. მეცნ. აკად. ფილოსოფიის ინ–ტი. _93664 |
||
| 942 |
_cBK _2udc |
||